000 00526nam a2200193Ia 4500
005 20250326125607.0
008 250326s9999 xx 000 0 und d
037 _aTextbook
040 _aFMSL
_beng
_cFMSL
041 _aeng
_2eng
084 _aX*.73 K7
_qFMSL
100 _aCaves R
245 0 _aAmerican industry: structure, conduct, performance
_cCaves R
250 _a2
260 _aNew Jersey
_bNew Jersey, Prentice-Hall
_c1967
300 _a120p
942 _cTB
_hX*.73 K7
999 _c1278726
_d1278726